| 000 | 00491nam a22001577a 4500 | ||
|---|---|---|---|
| 082 |
_a621.3 _bWIL _cL-9, P-49 |
||
| 100 |
_aWILLIAMS D.I. _941190 |
||
| 245 |
_aWorked examples for advanced electical students/ _b D.I.WILLIAMS. |
||
| 260 |
_aLondon: _bE. & F . N. Spon Ltd. _c1954. |
||
| 300 |
_ap162. _bill. |
||
| 526 |
_a0 _b0 _c0 _d621_300000000000000_WIL |
||
| 526 |
_a0 _b0 _c0 _d621_300000000000000_WIL |
||
| 526 |
_a0 _b0 _c0 _d621_300000000000000_WIL |
||
| 650 |
_aMCE _9379 |
||
| 942 |
_2ddc _cBK |
||
| 999 |
_c545364 _d545364 |
||